| 000 | 00539nam a22001577a 4500 | ||
|---|---|---|---|
| 003 | MPLRDC | ||
| 005 | 20220104142802.0 | ||
| 008 | 210129b ||||| |||| 00| 0 eng d | ||
| 082 | _a051.4 K1XR v.11 1974 | ||
| 100 | _a吉隆坡循人中学高中第十一届毕业特刊编辑委员会 | ||
| 245 |
_a一九七四年吉隆坡循人中学高中第十一届毕业特刊 _c |
||
| 260 |
_a _b吉隆坡循人中学高中第十一届毕业筹委会 _c1974 |
||
| 300 | _b精 | ||
| 650 | _a学术纪要、学刊 | ||
| 942 |
_cBK _o051.4 K1XR v.11 1974 |
||
| 999 |
_c33688 _d33678 |
||